Santo Domingo en dos / Angel Lockward (Registro nro. 4839)
[ vista simple ]
| 000 -LEADER | |
|---|---|
| fixed length control field | 00430nam a22001811a 4500 |
| 001 - CONTROL NUMBER | |
| control field | 4839 |
| 003 - CONTROL NUMBER IDENTIFIER | |
| control field | OSt |
| 005 - DATE AND TIME OF LATEST TRANSACTION | |
| control field | 20260204211949.0 |
| 008 - FIXED-LENGTH DATA ELEMENTS--GENERAL INFORMATION | |
| fixed length control field | 050919s19??||||dr ||||||b||||||||||spa|| |
| 050 ## - LIBRARY OF CONGRESS CALL NUMBER | |
| Classification number | RD 320.83 L814s |
| 100 ## - ASIENTO PRINCIPAL -- NOMBRE PERSONAL | |
| Personal name | Lockward, Angel |
| 245 ## - TÍTULO PROPIAMENTE DICHO: SUBTÍTULO | |
| Title | Santo Domingo en dos / Angel Lockward |
| 264 ## - PRODUCTION, PUBLICATION, DISTRIBUTION, MANUFACTURE, AND COPYRIGHT NOTICE | |
| Place of production, publication, distribution, manufacture | Santo Domingo: (S.N) |
| 300 ## - PHYSICAL DESCRIPTION | |
| Extensión | 31 p |
| 500 ## - GENERAL NOTE | |
| General note | Donado |
| 650 ## - ASIENTO SECUNDARIO DE MATERIA -- TERMINO TEMÁTICO | |
| Termino Temático Como Elemento de Entrada | 1.Gobierno MunicipalÌ |
| 942 ## - ADDED ENTRY ELEMENTS (KOHA) | |
| Source of classification or shelving scheme | Dewey Decimal Classification |
| Koha item type | Libros |
| Withdrawn status | Lost status | Source of classification or shelving scheme | Damaged status | Not for loan | Current library | Date acquired | Full call number | Barcode | Date last seen | Price effective from | Koha item type |
|---|---|---|---|---|---|---|---|---|---|---|---|
| Dewey Decimal Classification | Descartado para donación | Biblioteca UTECO | 09/09/2019 | RD 320.83 L814S | 009323 | 09/09/2019 | 09/09/2019 | Libros |
